000289422 001__ 289422
000289422 005__ 20240928180613.0
000289422 0247_ $$aG:(GEPRIS)266161993$$d266161993
000289422 035__ $$aG:(GEPRIS)266161993
000289422 040__ $$aGEPRIS$$chttp://gepris.its.kfa-juelich.de
000289422 150__ $$aKobalt-katalysierte Isomerisierungsreaktionen von Doppelbindungen$$y2015 - 2020
000289422 371__ $$aProfessor Dr. Gerhard Hilt
000289422 450__ $$aDFG project G:(GEPRIS)266161993$$wd$$y2015 - 2020
000289422 5101_ $$0I:(DE-588b)2007744-0$$aDeutsche Forschungsgemeinschaft$$bDFG
000289422 680__ $$aDieses Projekt umfasst die selektive Isomerisierung von Doppelbindungen in (funktionalisierten) 1 Alkenen, 1,3-Dienen und alpha,omega-Dienen durch Kobalt-Katalysatoren, die, einem bisher unbekannten Mechanismus folgend, Probleme anderer Isomerisierungskatalysatoren lösen. Dabei spielt der Ligand Ph2PH eine zentrale Rolle, da der Wasserstoff nicht wie in bisherigen Systemen vom Metall sondern vom Liganden auf das Substrat übertragen wird und in der Summe ein 1,3-H-Shift im Substrat realisiert wird. In Verbindung mit Kobalt-Katalysatoren, die einen 1,5-H-Shift bewerkstelligen, werden wir in der Lage sein, interessante pheromonartige Produkte mit 2E,4Z-, 2Z,4E- und 2Z,4Z-Konfiguration aus einfachen Edukten zu generieren. Durch den 1,3-H-Shift in funktionalisierten 1-Alkenen und 1,6-Dienen werden Bausteine mit hoher Funktionsgruppendichte generiert, die in vielerlei Folgereaktionen genutzt werden können und so für Naturstoffchemiker von Interesse sein werden. Dieser Aspekt wird dann besonders relevant, wenn die kinetische Racematspaltung durch 1,3-H-Shift realisiert wird und dadurch die entsprechenden chiralen Bausteine zu Verfügung stehen. Durch eine bisher nicht bekannte Desymmetrisierung von alpha,omega-Dienen werden chirale Produkte mit quartären Stereozentren generiert, die ebenfalls mit funktionellen Gruppen versehen, ein hohes Synthesepotential haben werden.
000289422 909CO $$ooai:juser.fz-juelich.de:956165$$pauthority$$pauthority:GRANT
000289422 909CO $$ooai:juser.fz-juelich.de:956165
000289422 980__ $$aG
000289422 980__ $$aAUTHORITY